[Event "Assisi op-B 5th"]
[Site "Assisi"]
[Date "2010.12.19"]
[Round "5"]
[White "Herbert, Michael"]
[Black "Marcugini, Stefano"]
[Result "1-0"]
[WhiteElo "1820"]
[BlackElo "1834"]
[PlyCount "93"]
[EventDate "2010.12.17"]
[EventType "swiss"]
[EventRounds "5"]
[EventCountry "ITA"]
[SourceTitle "EXT 2024"]
[Source "ChessBase"]
[SourceDate "2023.10.10"]
[SourceVersion "1"]
[SourceVersionDate "2023.10.10"]
[SourceQuality "1"]

1. d4 Nf6 2. c4 g6 3. Nc3 Bg7 4. Nf3 0-0 5. Bf4 d6 6. e3 Nh5 7. Bg5 h6 8. Bh4 c5 9. h3 Nc6 10. Be2 cxd4 11. Nxd4 Nxd4 12. exd4 Nf4 13. Bf3 Qc7 14. Bg3 e5 15. Bxf4 exf4 16. Bd5 Re8+ 17. Kf1 Be6 18. b3 a6 19. Bf3 Rad8 20. Qd2 Qb6 21. Rd1 g5 22. Qd3 f5 23. Bd5 Qa5 24. Bxb7 Re7 25. Bf3 Rde8 26. Kg1 g4 27. hxg4 fxg4 28. Bc6 Bd7 29. Bd5+ Kh8 30. Kf1 g3 31. fxg3 fxg3 32. Qxg3 Rf8+ 33. Kg1 Qb6 34. Rh4 Qb8 35. Be4 Ref7 36. Bd3 Rg8 37. Qe3 Rf6 38. Qe7 Qf8 39. Qxd7 Rf4 40. Rxf4 Qxf4 41. Kh1 Qxd4 42. Ne2 Qe5 43. Qf5 Qxf5 44. Bxf5 Be5 45. g4 Rf8 46. Kg2 h5 47. Rh1 1-0

[Event "Assisi op-B 5th"]
[Site "Assisi"]
[Date "2010.12.18"]
[Round "3"]
[White "Herbert, Michael"]
[Black "Bassini, Massimo"]
[Result "1-0"]
[WhiteElo "1820"]
[BlackElo "1562"]
[PlyCount "101"]
[EventDate "2010.12.17"]
[EventType "swiss"]
[EventRounds "5"]
[EventCountry "ITA"]
[SourceTitle "EXT 2024"]
[Source "ChessBase"]
[SourceDate "2023.10.10"]
[SourceVersion "1"]
[SourceVersionDate "2023.10.10"]
[SourceQuality "1"]

1. d4 g6 2. c4 Bg7 3. Nc3 d6 4. Nf3 b6 5. Bf4 Nf6 6. e3 0-0 7. Bd3 c5 8. 0-0 Bg4 9. h3 Bxf3 10. Qxf3 Nbd7 11. d5 Nh5 12. Bh2 Ne5 13. Qe2 Nxd3 14. Qxd3 Nf6 15. e4 Nd7 16. f4 f5 17. Rae1 fxe4 18. Qxe4 Rf7 19. f5 gxf5 20. Rxf5 Rxf5 21. Qxf5 Ne5 22. Qe6+ Kh8 23. Re4 Bf6 24. Ne2 Qg8 25. Qf5 Qg6 26. Qxg6 Nxg6 27. b3 Ne5 28. Nf4 Rg8 29. Kf1 Ng6 30. Ne6 Be5 31. Bg1 Nf8 32. Nd8 Ng6 33. Nf7+ Kg7 34. Nxe5 Nxe5 35. Bh2 Rf8+ 36. Ke2 Rf5 37. g4 Rg5 38. Bf4 Rg6 39. Bxe5+ dxe5 40. Rxe5 Kf7 41. Kf3 Rd6 42. h4 e6 43. Rxe6 Rxe6 44. dxe6+ Kxe6 45. Ke4 a6 46. a4 a5 47. g5 Kd6 48. h5 Ke6 49. g6 hxg6 50. hxg6 Kf6 51. Kd5 1-0

[Event "New Delhi Parsvnath op 7th"]
[Site "New Delhi"]
[Date "2009.01.11"]
[Round "1"]
[White "Sharma, Dinesh Kumar"]
[Black "Herbert, Michael"]
[Result "1-0"]
[WhiteElo "2394"]
[BlackElo "1792"]
[PlyCount "105"]
[EventDate "2009.01.11"]
[EventType "swiss"]
[EventRounds "10"]
[EventCountry "IND"]
[SourceTitle "CBM 128 Extra"]
[Source "ChessBase"]
[SourceDate "2009.03.05"]
[SourceVersion "2"]
[SourceVersionDate "2009.03.25"]
[SourceQuality "1"]

1. e4 e5 2. Nf3 Nc6 3. Bb5 a6 4. Ba4 Nf6 5. Qe2 d6 6. c3 b5 7. Bb3 Bg4 8. h3 Bh5 9. d3 Be7 10. Nbd2 Na5 11. Bc2 c5 12. Nf1 Qd7 13. Ng3 Bg6 14. 0-0 Nc6 15. Rd1 0-0 16. d4 Qc7 17. d5 Na5 18. Nh4 Rac8 19. Nhf5 Nb7 20. h4 Bxf5 21. Nxf5 Bd8 22. Qf3 Ne8 23. b3 c4 24. b4 a5 25. a4 axb4 26. cxb4 Ra8 27. Be3 Qd7 28. axb5 Rxa1 29. Rxa1 Qxb5 30. Bd2 Nc7 31. Ba4 Qb6 32. Qc3 Ne8 33. Bh6 Bxh4 34. Be3 Qd8 35. Bc6 g6 36. Nxh4 Qxh4 37. Bxb7 Qxe4 38. f3 Qh4 39. Bf2 Qe7 40. Bc6 Nf6 41. Qxc4 e4 42. Re1 Rc8 43. Bd4 Nh5 44. Rxe4 Qg5 45. Qe2 Ng7 46. Bxg7 Kxg7 47. Qe3 Qg3 48. b5 h5 49. b6 Rf8 50. b7 f5 51. Qf4 Qxf4 52. Rxf4 g5 53. Ra4 1-0